00321nam a2200133Ia 4500008004100000041000800041082001700049100001800066245001500084250001400099260003200113300003100145365001100176240624s9999 xx 000 0 und d aeng a658.4092 SAD aSADLER PHILIP aLEADERSHIP a(2nd ed.) c2005aNew DelhibKogan Page avii, : 195 : p. : cm. ; 22 cRSb32